LEADER 00828nam0 2200253 450 001 000025836 005 20090520144641.0 010 $a88-386-0040-6 100 $a20090520d1986----km-y0itay50------ba 101 1 $aita$ceng 102 $aIT 105 $ay-------001yy 200 1 $aCome usare il dBase 3$fL. Barnes 210 $aMilano$cMcGraw-Hill libri Italia$d1986 215 $a351 p.$d24 cm 500 10$aIntroducing dBase 3$m$942964 610 1 $aMicroelaboratori elettronici$aProgrammi dBASE 3. 676 $a005.7565$v20$9Sistemi di gestione di specifiche basi di dati relazionali 700 1$aBarnes,$bLan$013827 801 0$aIT$bUNIPARTHENOPE$c20090520$gRICA$2UNIMARC 912 $a000025836 951 $aDISAM 001.652 5/1$bM 119$cDISAM$d2009 996 $aIntroducing dBase 3$942964 997 $aUNIPARTHENOPE LEADER 01132nam0 22002653i 450 001 VAN0250876 005 20220929093930.439 010 $a978-88-207-2864-8 100 $a20220929d1999 |0itac50 ba 101 $aita 102 $aIT 105 $a|||| ||||| 200 1 $aIntroduzione alla tecnica statistico-energetica (S. E. A.) per la dinamica strutturale e l'acustica interna$fSergio De Rosa, Francesco Franco, Fabrizio Ricci 210 $aNapoli$cLiguori$d1999 215 $a225 p.$cill.$d20 cm 620 $dNapoli$3VANL000005 700 1$aDe Rosa$bSergio$3VANV204865$0334032 701 1$aFranco$bFrancesco$3VANV204866$0334033 701 1$aRicci$bFabrizio$3VANV204867$09742 801 $aIT$bSOL$c20220930$gRICA 899 $aBIBLIOTECA DEL DIPARTIMENTO DI INGEGNERIA$1IT-CE0100$2VAN05 912 $aVAN0250876 950 $aBIBLIOTECA DEL DIPARTIMENTO DI INGEGNERIA$d05PREST A 610 $e05UBI1506 20220929 996 $aIntroduzione alla tecnica statistico-energetica (S. E. A.) per la dinamica strutturale e l'acustica interna$92914066 997 $aUNICAMPANIA